Multiple Choice City Quiz – Bern - Statistics

General Stats
  • This quiz has been taken 180 times
    163 since last reset
  • The average score is 5 of 10
Answer Stats
Question Answer % Correct
Which famous physicist worked at the Swiss Patent Office of Bern? Albert Einstein
87%
What is the most common language in Bern? German
85%
Which one is the flag of the Bern Canton?
69%
Which famous chocolate originates from Bern? Toblerone
56%
What is the name of Bern's famous clocktower? Zytglogge
52%
Which river flows through Bern? Aare
50%
Which famous cheese is produced in the area around Bern? Emmental
47%
Which famous Swiss mountain can be seen from Bern on a clear day? Jungfrau
40%
What is the name of Bern's historic cathedral? Bern Minster
27%
Which famous Swiss watch brand has its headquarters in Bern? Swatch
21%
No matching quizzes found
Score Distribution
Percent of People with Each Score
Percentile by Number Answered
Your Score History
You have not taken this quiz since the last reset